000 00490nam a2200205Ia 4500
008 170918s9999 xx 000 0 und d
020 _a9780545347273
050 _bT253 2004
100 _aTeague, Mark
245 _aDetective LaRue :
245 _bletters from the investigation /
245 _cMark Teague.
260 _aNew York :
260 _bScholastic,
260 _c2004
300 _aunpaged :
300 _bcolored illustration ;
300 _c28cm.
500 _a950
999 _c342237
_d342237